000 00539nam a2200169Ia 4500
008 090201s9999 xx 000 0 und d
010 _aKPL-52907
040 _bमराठी
041 _aमराठी
082 _a50266
_b52907
100 _aसुमति क्षेत्रमाडे
245 _aतपस्या
_cसुमति क्षेत्रमाडे
260 _c2006
_bसन पब्लिकेश्न्स
300 _a506
_bमोठा
600 _aतपस्या
942 _cBOOK
999 _c246811
_d246811